[Event "SR 3. liga A2 2011/2012"]
[Site "?"]
[Date "2012.02.19"]
[Round "9.3"]
[White "Filip, Frantisek"]
[Black "Kosar, Attila"]
[Result "1/2-1/2"]
[WhiteElo "1836"]
[BlackElo "1893"]
[PlyCount "116"]
[EventDate "2011.??.??"]

1. e4 d5 2. exd5 Nf6 3. c4 c6 4. Nc3 cxd5 5. cxd5 Qa5 6. Qb3 Nbd7 7. Bc4 Qb6 8.
Nf3 Qxb3 9. Bxb3 a6 10. d4 Nb6 11. O-O Bf5 12. Bf4 Ne4 13. Rfe1 Nxc3 14. bxc3
f6 15. Bc7 Nc8 16. d6 Kd7 17. Nh4 exd6 18. Nxf5 Kxc7 19. Re8 Nb6 20. Nxg7 Bxg7
21. Re7+ Kc6 22. Rxg7 Rae8 23. Kf1 Re4 24. Bd1 Ree8 25. Bf3+ d5 26. Rf7 Ref8
27. Re7 Nc4 28. Rd1 b5 29. Re6+ Nd6 30. Rde1 a5 31. Ke2 Re8 32. Kd3 f5 33. R1e2
Rxe6 34. Rxe6 Re8 35. Rh6 Re7 36. h3 a4 37. Kd2 Rb7 38. Bd1 Rg7 39. g3 Re7 40.
Be2 Rb7 41. a3 Rd7 42. g4 fxg4 43. hxg4 Kc7 44. f3 Rf7 45. Re6 Kd7 46. Re5 Kc6
47. Ke3 Rb7 48. f4 Nc4+ 49. Bxc4 bxc4 50. f5 Rb3 51. Kd2 Rb2+ 52. Ke3 Rc2 53.
f6 Rxc3+ 54. Kf4 Rc1 55. Re3 Rf1+ 56. Kg5 Kd6 57. Rh3 Ke6 58. Re3+ Kd6 1/2-1/2

[Event "SR 3. liga A2 2011/2012"]
[Site "?"]
[Date "2012.02.19"]
[Round "9.3"]
[White "Bertalan, Balint"]
[Black "Tupy, Bystrik"]
[Result "0-1"]
[WhiteElo "1843"]
[BlackElo "1514"]
[PlyCount "64"]
[EventDate "2011.??.??"]

1. e4 e5 2. Nf3 Nc6 3. Bb5 a6 4. Ba4 d6 5. c3 Bg4 6. O-O Nf6 7. d3 Be7 8. Bg5
d5 9. Bxf6 Bxf6 10. Nbd2 Bg5 11. exd5 Qxd5 12. Ne4 Bf6 13. Bb3 Qd7 14. Nc5 Qc8
15. d4 O-O 16. Ne4 Qf5 17. Bc2 exd4 18. Qd3 Qg6 19. Nxf6+ gxf6 20. Qd2 Qg7 21.
Kh1 dxc3 22. bxc3 Rad8 23. Qf4 Ne5 24. Nd4 c5 25. Nf5 Qg5 26. Ne7+ Kh8 27. Qe4
Ng6 28. f4 Qh5 29. Qxb7 Be2 30. Qb6 Nxe7 31. Qxf6+ Kg8 32. Rfe1 Nd5 0-1

[Event "SR 3. liga A2 2011/2012"]
[Site "?"]
[Date "2012.02.19"]
[Round "9.3"]
[White "Janas, Peter"]
[Black "Kosar, Mikulas st"]
[Result "1/2-1/2"]
[WhiteElo "1000"]
[BlackElo "1766"]
[PlyCount "84"]
[EventDate "2011.??.??"]

1. d4 d5 2. Nf3 Bg4 3. g3 Nf6 4. Bg2 Nbd7 5. O-O e6 6. Re1 Be7 7. Ne5 Nxe5 8.
dxe5 Nd7 9. h3 Bh5 10. Bf4 O-O 11. Nd2 h6 12. g4 Bg6 13. Nf3 c6 14. c3 Qb6 15.
Qc1 Bc5 16. Rf1 Be7 17. Be3 Bc5 18. Bf4 Qd8 19. Bg3 Be7 20. Kh2 Qb6 21. Bf4 Nc5
22. Bg3 Ne4 23. Bf4 Qd8 24. a4 Bc5 25. e3 a5 26. Nd4 Be7 27. f3 Nc5 28. Qd2 Qb6
29. Bg3 Nb3 30. Nxb3 Qxb3 31. f4 f5 32. Bf3 fxg4 33. Bxg4 Bf5 34. Bd1 Qb6 35.
Rg1 Qd8 36. Bf3 Kf7 37. Be1 Rh8 38. Qg2 Qg8 39. e4 dxe4 40. Bxe4 Bxe4 41. Qxe4
Qh7 42. Qxh7 Rxh7 1/2-1/2

[Event "SR 3. liga A2 2011/2012"]
[Site "?"]
[Date "2012.02.19"]
[Round "9.4"]
[White "Kovacocy, Pavel"]
[Black "Abel, Peter"]
[Result "1/2-1/2"]
[WhiteElo "2231"]
[BlackElo "2198"]
[PlyCount "22"]
[EventDate "2011.??.??"]

1. e4 Nf6 2. Nc3 d5 3. e5 d4 4. exf6 dxc3 5. fxg7 cxd2+ 6. Qxd2 Qxd2+ 7. Bxd2
Bxg7 8. O-O-O Nc6 9. Bb5 Bd7 10. Ne2 a6 11. Ba4 O-O-O 1/2-1/2

[Event "SR 3. liga A2 2011/2012"]
[Site "?"]
[Date "2012.02.19"]
[Round "9.4"]
[White "Mihalik, Anton"]
[Black "Liptak, Tomas"]
[Result "1/2-1/2"]
[WhiteElo "1965"]
[BlackElo "2103"]
[PlyCount "83"]
[EventDate "2011.??.??"]

1. c4 e5 2. Nc3 d6 3. g3 g6 4. Bg2 Bg7 5. Nf3 f5 6. d3 c6 7. e4 Ne7 8. Qb3 Na6
9. O-O Nc5 10. Qc2 O-O 11. b4 Ne6 12. a4 f4 13. Rb1 g5 14. h3 Nd4 15. Qd1 g4
16. Nxd4 exd4 17. Na2 gxh3 18. Bf3 fxg3 19. fxg3 Ng6 20. Bd2 Be6 21. Nc1 Be5
22. Ne2 Qe7 23. Rf2 Qg7 24. Kh1 Rf7 25. Qg1 Kh8 26. Rbf1 Raf8 27. Bh5 Rxf2 28.
Rxf2 Kg8 29. Qf1 Rxf2 30. Qxf2 Qf7 31. Qxf7+ Kxf7 32. Nf4 Bd7 33. Kh2 Kg7 34.
Nxh3 d5 35. cxd5 cxd5 36. a5 dxe4 37. dxe4 Bc6 38. Bf4 Nxf4 39. Nxf4 Kf6 40.
Nd3 Bd6 41. Be2 Be5 42. b5 1/2-1/2

[Event "SR 3. liga A2 2011/2012"]
[Site "?"]
[Date "2012.02.19"]
[Round "9.4"]
[White "Machalova, Erika"]
[Black "Manak, Adrian"]
[Result "1-0"]
[WhiteElo "2102"]
[BlackElo "1931"]
[PlyCount "55"]
[EventDate "2011.??.??"]

1. d4 d5 2. c4 c6 3. Nc3 e5 4. cxd5 cxd5 5. dxe5 d4 6. Ne4 Qa5+ 7. Bd2 Qxe5 8.
Ng3 Nf6 9. Nf3 Qd5 10. Qc2 Nc6 11. a3 Be7 12. e4 dxe3 13. Bxe3 O-O 14. Bc4 Qa5+
15. Bd2 Qc7 16. O-O Bg4 17. Ng5 h6 18. N5e4 Rac8 19. Rac1 Qb8 20. Bc3 Nd7 21.
Ba2 Rfd8 22. h3 Nd4 23. Qb1 Ne2+ 24. Nxe2 Bxe2 25. Rfe1 Bh5 26. Ng3 Bg5 27.
Nxh5 Bxc1 28. Qg6 1-0

[Event "SR 3. liga A2 2011/2012"]
[Site "?"]
[Date "2012.02.19"]
[Round "9.4"]
[White "Nemsak, Denis"]
[Black "Liptak, Dusan"]
[Result "1/2-1/2"]
[WhiteElo "1916"]
[BlackElo "2075"]
[PlyCount "79"]
[EventDate "2011.??.??"]

1. Nf3 Nf6 2. c4 e6 3. g3 c5 4. Bg2 Nc6 5. d4 cxd4 6. Nxd4 Qa5+ 7. Bd2 Qc5 8.
Nxc6 bxc6 9. Qc2 Ba6 10. b3 d5 11. O-O Bd6 12. Nc3 Qb6 13. e4 Rc8 14. Rae1 dxc4
15. Na4 Qb5 16. bxc4 Qxc4 17. Qxc4 Bxc4 18. e5 Bxf1 19. Kxf1 Be7 20. exf6 Bxf6
21. Rc1 O-O 22. Ba5 c5 23. Nxc5 Bb2 24. Rb1 Rxc5 25. Bb4 Bd4 26. Rd1 Rc4 27.
Bxf8 Kxf8 28. Rd2 Ke7 29. Ke2 e5 30. Bd5 Rc1 31. Be4 g6 32. Rc2 Rxc2+ 33. Bxc2
f5 34. f3 Kf6 35. h3 h5 36. Bb3 g5 37. g4 fxg4 38. fxg4 hxg4 39. hxg4 e4 40.
Ba4 1/2-1/2

[Event "SR 3. liga A2 2011/2012"]
[Site "?"]
[Date "2012.02.19"]
[Round "9.4"]
[White "Cechovic, Stefan"]
[Black "Strapko, Tomas"]
[Result "1-0"]
[WhiteElo "2159"]
[BlackElo "1932"]
[PlyCount "59"]
[EventDate "2011.??.??"]

1. Nf3 Nf6 2. b3 d5 3. Bb2 c5 4. e3 e6 5. d4 a6 6. Be2 Nbd7 7. O-O Bd6 8. c4 b6
9. Nc3 Bb7 10. Rc1 Qc7 11. cxd5 Nxd5 12. dxc5 bxc5 13. Ne4 Be7 14. Ned2 O-O 15.
Qc2 Nb4 16. Qb1 Bf6 17. Bxf6 Nxf6 18. a3 Nbd5 19. b4 Rfc8 20. Rxc5 Qb6 21. Rfc1
Nd7 22. Rxc8+ Rxc8 23. Rxc8+ Bxc8 24. Nc4 Qc6 25. Qd3 N7b6 26. Nxb6 Qxb6 27.
Ne5 Qc7 28. Qc4 f6 29. Qxc7 Nxc7 30. Ng4 1-0

[Event "SR 3. liga A2 2011/2012"]
[Site "?"]
[Date "2012.02.19"]
[Round "9.4"]
[White "Slaby, Jozef"]
[Black "Sarmir, Milos"]
[Result "0-1"]
[WhiteElo "1856"]
[BlackElo "2048"]
[PlyCount "72"]
[EventDate "2011.??.??"]

1. d4 Nf6 2. c4 e6 3. Nf3 d5 4. e3 Be7 5. Nc3 O-O 6. Bd3 dxc4 7. Bxc4 b6 8. O-O
Bb7 9. b3 Nbd7 10. Bb2 Ne4 11. Rc1 Ndf6 12. Qe2 Nxc3 13. Rxc3 Bd6 14. h3 Qe7
15. Rd1 Rad8 16. Ba6 Ba8 17. Rcc1 Ne4 18. Bd3 Ng5 19. Nxg5 Qxg5 20. Qg4 Qh6 21.
Qe2 f5 22. Rc2 Rf6 23. f3 Rg6 24. Kf1 Rg3 25. e4 Rf8 26. Bc1 Qh4 27. exf5 Bxf3
28. Qxe6+ Kh8 29. Rdd2 Bb7 30. d5 Rxd3 31. Rxd3 Ba6 32. Ke2 Qg3 33. Qe3 Qxg2+
34. Kd1 Qf1+ 35. Kd2 Bf4 36. Rdc3 Qe2# 0-1

[Event "SR 3. liga A2 2011/2012"]
[Site "?"]
[Date "2012.02.19"]
[Round "9.4"]
[White "Vagovsky, Jozef"]
[Black "Curidlo, Jan"]
[Result "0-1"]
[WhiteElo "1991"]
[BlackElo "1851"]
[PlyCount "76"]
[EventDate "2011.??.??"]

1. d4 Nf6 2. Nf3 e6 3. c4 b6 4. a3 Bb7 5. Bg5 Be7 6. Nc3 h6 7. Bh4 d5 8. e3
Nbd7 9. cxd5 Nxd5 10. Nxd5 Bxd5 11. Bxe7 Qxe7 12. Rc1 Qd6 13. Bd3 Bxf3 14. Qxf3
O-O 15. Be4 Rad8 16. Rc6 Ne5 17. Rxd6 Nxf3+ 18. Bxf3 cxd6 19. Kd2 d5 20. Be2
Rc8 21. Ba6 Rc7 22. a4 Rd8 23. Re1 f6 24. Kd3 Kf7 25. f3 g5 26. h3 Rd6 27. Bb5
Ke7 28. e4 dxe4+ 29. Rxe4 e5 30. Bc4 Rxd4+ 31. Rxd4 exd4 32. Kxd4 a5 33. g4 Kd6
34. b3 Re7 35. Bd5 Re1 36. Bc4 Rh1 37. Bd5 Rxh3 38. Bf7 Rh1 0-1

[Event "SR 3. liga A2 2011/2012"]
[Site "?"]
[Date "2012.02.19"]
[Round "9.4"]
[White "Oravec, Pavol"]
[Black "Vlkovic, Pavol"]
[Result "1/2-1/2"]
[WhiteElo "1528"]
[BlackElo "1838"]
[PlyCount "119"]
[EventDate "2011.??.??"]

1. d4 g6 2. Nf3 Bg7 3. Bf4 d6 4. c3 Nf6 5. e3 O-O 6. Bd3 Nbd7 7. Nbd2 Re8 8. h3
e5 9. Bg5 h6 10. Bxf6 Nxf6 11. Qc2 c6 12. O-O Nh7 13. Rad1 Qe7 14. Rfe1 f5 15.
dxe5 dxe5 16. Bc4+ Be6 17. Qb3 Bxc4 18. Nxc4 Qe6 19. Rd6 Qf7 20. Red1 Nf8 21.
R6d2 Kh7 22. Nd6 Qxb3 23. axb3 Re7 24. Nc4 e4 25. Ne1 Rc8 26. b4 Rcc7 27. Nc2
Rcd7 28. Rxd7 Rxd7 29. Rxd7 Nxd7 30. Na5 Ne5 31. Nxb7 Nd3 32. Na5 Nxb2 33. Nd4
Na4 34. Naxc6 Nxc3 35. Nxa7 Bxd4 36. exd4 Ne2+ 37. Kf1 Nxd4 38. b5 Nb3 39. b6
Na5 40. Nb5 Nb7 41. Ke2 Kg7 42. Ke3 Kf7 43. Kd4 Ke6 44. g3 g5 45. g4 f4 46.
Kxe4 Kd7 47. Kd5 Nd8 48. Nd6 Nc6 49. Nf5 Nb4+ 50. Kc4 Nc2 51. Kc5 Ne1 52. Kb5
Kc8 53. Nxh6 Nd3 54. f3 Ne5 55. Nf5 Nxf3 56. Ka6 Kb8 57. Ne7 Ne5 58. Nd5 f3 59.
Ne3 f2 60. Kb5 1/2-1/2

[Event "SR 3. liga A2 2011/2012"]
[Site "?"]
[Date "2012.02.19"]
[Round "9.6"]
[White "Travnicek, Petr"]
[Black "Veselsky, Jozef"]
[Result "1-0"]
[WhiteElo "2127"]
[BlackElo "2133"]
[PlyCount "113"]
[EventDate "2011.??.??"]

1. d4 d5 2. c4 e6 3. Nc3 Nf6 4. Bg5 Be7 5. e3 h6 6. Bxf6 Bxf6 7. Qc2 O-O 8. Nf3
c6 9. h4 Re8 10. O-O-O Qa5 11. g4 Be7 12. g5 h5 13. Ne5 Nd7 14. g6 Nxe5 15.
dxe5 Rf8 16. Be2 Bb4 17. gxf7+ Rxf7 18. Bxh5 Rf5 19. Bg6 Bxc3 20. Bxf5 Bxe5 21.
Bh7+ Kh8 22. Kb1 Bd7 23. h5 Qb4 24. Bg6 Be8 25. a3 Qf8 26. Rh3 Kg8 27. f4 Bf6
28. Rg1 Rd8 29. h6 Rd7 30. Bh7+ Kh8 31. hxg7+ Rxg7 32. Rgh1 Re7 33. Bg6+ Kg8
34. Bxe8 Qxe8 35. Qg2+ Rg7 36. Rh8+ Kf7 37. Qh3 Qd7 38. Qh5+ Ke7 39. Rh7 Kd6
40. cxd5 cxd5 41. e4 Bd4 42. e5+ Kc5 43. Qe2 Kb6 44. Qc2 Rxh7 45. Rxh7 Qb5 46.
Re7 a5 47. Rxe6+ Ka7 48. f5 Bc5 49. Ka2 d4 50. Rg6 d3 51. Qd2 Bd4 52. Rg3 Qxe5
53. Rxd3 Bb6 54. Rd5 Qe7 55. Qc3 Qf7 56. Qb3 Qf8 57. Rb5 1-0

[Event "SR 3. liga A2 2011/2012"]
[Site "?"]
[Date "2012.02.19"]
[Round "9.6"]
[White "Meszaros, Lorant"]
[Black "Pribila, Gerhard"]
[Result "0-1"]
[WhiteElo "2053"]
[BlackElo "2036"]
[PlyCount "82"]
[EventDate "2011.??.??"]

1. d4 Nf6 2. c4 c5 3. d5 e6 4. Nc3 exd5 5. cxd5 d6 6. g3 g6 7. Bg2 Bg7 8. Nf3
O-O 9. Nd2 Re8 10. O-O a6 11. a4 Nbd7 12. a5 Ne5 13. f4 Neg4 14. Nc4 Nh5 15.
Ne4 f5 16. Nexd6 Bd4+ 17. Kh1 Re7 18. Qe1 Qf8 19. h4 Rxe2 20. Bd2 Rxe1 21. Bxe1
Qe7 22. Bf3 Rb8 23. Kg2 Bd7 24. Bd2 Qg7 25. Rab1 Bb5 26. Rfe1 Bxc4 27. Nxc4
Nhf6 28. d6 Ne4 29. Bxe4 fxe4 30. Rxe4 Qf7 31. Nb6 Nf6 32. Re7 Qa2 33. Rbe1
Qxb2 34. R1e2 Qb1 35. Be1 Qb5 36. g4 Qc6+ 37. Kg3 Rd8 38. h5 Rxd6 39. h6 Rd8
40. Bf2 Bxf2+ 41. Rxf2 Rd3+ 0-1

[Event "SR 3. liga A2 2011/2012"]
[Site "?"]
[Date "2012.02.19"]
[Round "9.6"]
[White "Kocak, Branislav"]
[Black "Szitasi, Janos"]
[Result "1/2-1/2"]
[WhiteElo "1914"]
[BlackElo "1996"]
[PlyCount "25"]
[EventDate "2011.??.??"]

1. d4 d5 2. c4 c6 3. Nf3 Nf6 4. Nc3 e6 5. Bg5 Nbd7 6. e3 Bd6 7. Bd3 h6 8. Bxf6
Nxf6 9. O-O O-O 10. Re1 Re8 11. e4 dxe4 12. Nxe4 Nxe4 13. Bxe4 1/2-1/2

[Event "SR 3. liga A2 2011/2012"]
[Site "?"]
[Date "2012.02.19"]
[Round "9.6"]
[White "Kalmar, Tamas"]
[Black "Kastler, Peter"]
[Result "1-0"]
[WhiteElo "1842"]
[BlackElo "1720"]
[PlyCount "133"]
[EventDate "2011.??.??"]

1. d4 d5 2. Nf3 c6 3. g3 Nf6 4. Bg2 Bg4 5. Ne5 Bh5 6. O-O e6 7. c4 Nbd7 8. Bg5
Be7 9. Nd2 Nxe5 10. dxe5 Nd7 11. Bxe7 Qxe7 12. f4 Nb6 13. cxd5 Nxd5 14. Bxd5
cxd5 15. Qa4+ Qd7 16. Qxd7+ Kxd7 17. Kf2 Rac8 18. Rac1 Rc6 19. Rxc6 bxc6 20.
Nb3 Bg6 21. Rc1 Rc8 22. Ke3 Kc7 23. Nc5 Kb6 24. Kd4 Kc7 25. Rc3 Kd8 26. Rb3 Bb1
27. a3 Ba2 28. Rb4 Bc4 29. e3 Rc7 30. Nb7+ Kd7 31. Kc5 Ba6 32. Na5 Rc8 33. Nb3
Rc7 34. Na5 Rc8 35. h4 h5 36. Nb3 Rc7 37. Kd4 Bc4 38. Nc5+ Kc8 39. a4 Be2 40.
Rb3 Bc4 41. Rc3 Bf1 42. Rc2 Bc4 43. Rf2 g6 44. b3 Bxb3 45. Nxb3 Rb7 46. Kc3 Kc7
47. Rb2 Rb8 48. Nc5 Rxb2 49. Kxb2 Kb6 50. Nb3 c5 51. Kc3 c4 52. Nd4 Ka5 53.
Nc6+ Kb6 54. Nd8 Kc7 55. Nxf7 Kd7 56. Ng5 a6 57. Kd4 a5 58. e4 Ke7 59. Nxe6 c3
60. Kxc3 Kxe6 61. exd5+ Kxd5 62. Kd3 Kc5 63. Ke4 Kc6 64. Kd4 Kc7 65. Kc5 Kd7
66. Kb5 Ke6 67. Kxa5 1-0

[Event "SR 3. liga A2 2011/2012"]
[Site "?"]
[Date "2012.02.19"]
[Round "9.6"]
[White "Valla, Tomas"]
[Black "Vegh, Vince"]
[Result "0-1"]
[WhiteElo "1846"]
[BlackElo "1923"]
[PlyCount "80"]
[EventDate "2011.??.??"]

1. e4 c5 2. c3 e6 3. d4 cxd4 4. cxd4 d5 5. e5 Nc6 6. Nc3 Bb4 7. Nf3 Nge7 8. Bd3
Qb6 9. O-O Bd7 10. a3 Bxc3 11. bxc3 Rc8 12. Bd2 Na5 13. Nh4 a6 14. Qg4 Ng6 15.
f4 Nxh4 16. Qxh4 Nc4 17. Rfb1 Qa7 18. Bc1 b5 19. Qg5 O-O 20. Qh4 h6 21. g4 Nxe5
22. fxe5 Rxc3 23. Qf2 Rxd3 24. Be3 Rc8 25. Rf1 Be8 26. Rac1 Rdc3 27. Qf4 a5 28.
Rf3 Qe7 29. Rxc3 Rxc3 30. Bc1 Qc7 31. Rxc3 Qxc3 32. Kg2 b4 33. axb4 axb4 34.
Qd2 Qc4 35. Bb2 Bb5 36. Qc1 Qe2+ 37. Kg3 Bc4 38. Ba1 b3 39. Bc3 Bd3 40. Bb2 Be4
0-1

[Event "SR 3. liga A2 2011/2012"]
[Site "?"]
[Date "2012.02.19"]
[Round "9.6"]
[White "Ollos, Ladislav"]
[Black "Brunovsky, Peter"]
[Result "0-1"]
[WhiteElo "1831"]
[BlackElo "1809"]
[PlyCount "48"]
[EventDate "2011.??.??"]

1. e4 c6 2. d4 d5 3. exd5 cxd5 4. Bd3 Nc6 5. c3 g6 6. Bf4 Bg7 7. Nf3 Nh6 8. O-O
f6 9. Re1 O-O 10. Qc2 Nf7 11. Bxg6 hxg6 12. Qxg6 Qd7 13. h3 Qf5 14. Qxf5 Bxf5
15. Nbd2 e5 16. dxe5 fxe5 17. Bg3 e4 18. Nh4 Bh7 19. Nb3 b6 20. Rad1 Rad8 21.
f3 Nfe5 22. fxe4 dxe4 23. Nd4 Nxd4 24. cxd4 Nd3 0-1

[Event "SR 3. liga A2 2011/2012"]
[Site "?"]
[Date "2012.02.19"]
[Round "9.6"]
[White "Zajicek, Ferdinand"]
[Black "Both, Lajos"]
[Result "1/2-1/2"]
[WhiteElo "1860"]
[BlackElo "1822"]
[PlyCount "59"]
[EventDate "2011.??.??"]

1. e4 c5 2. Nf3 Nc6 3. Nc3 d6 4. Bc4 e6 5. a3 a6 6. O-O Nf6 7. d3 Be7 8. h3 O-O
9. Ne2 Ne5 10. Nxe5 dxe5 11. Be3 Qc7 12. Ng3 b6 13. Bg5 Ne8 14. Qg4 Bxg5 15.
Qxg5 Nf6 16. Nh5 Nxh5 17. Qxh5 Kh8 18. Qh4 Qd8 19. Qxd8 Rxd8 20. f4 exf4 21.
Rxf4 Kg8 22. Raf1 Rf8 23. c3 Bb7 24. d4 cxd4 25. cxd4 Rad8 26. e5 b5 27. Bb3
Rc8 28. g4 a5 29. R1f2 a4 30. Ba2 1/2-1/2

[Event "SR 3. liga A2 2011/2012"]
[Site "?"]
[Date "2012.02.19"]
[Round "9.6"]
[White "Lelkes, Bela"]
[Black "Papanek, Lubomir"]
[Result "1-0"]
[WhiteElo "1809"]
[BlackElo "1630"]
[PlyCount "121"]
[EventDate "2011.??.??"]

1. e4 e5 2. Bc4 Bc5 3. f4 d6 4. Nf3 Nc6 5. c3 Bg4 6. Bxf7+ Kf8 7. Bxg8 Rxg8 8.
h3 Bxf3 9. Qxf3 Qf6 10. d3 Ke7 11. Qg4 g5 12. f5 h6 13. Ke2 a6 14. Be3 b5 15.
Nd2 Bxe3 16. Kxe3 Rh8 17. Qh5 Rhg8 18. Rhf1 Raf8 19. Nf3 Rg7 20. Nh2 Rh7 21.
Ng4 Qf7 22. Qxf7+ Rfxf7 23. d4 h5 24. Nf2 Na5 25. b3 Rh8 26. Nd3 Kf6 27. Nb4
Ra8 28. Nd5+ Kg7 29. f6+ Kh6 30. Ne7 Nb7 31. Rad1 Nd8 32. dxe5 dxe5 33. Rd7 Ne6
34. g3 Raf8 35. Nf5+ Kg6 36. Rd5 Rxf6 37. Rxe5 Ng7 38. Rc5 Nxf5+ 39. exf5+ Rxf5
40. Rfxf5 Rxf5 41. Rxc7 Re5+ 42. Kd4 Re6 43. Rc8 Rd6+ 44. Kc5 Rd3 45. Rc6+ Kf5
46. g4+ hxg4 47. hxg4+ Kxg4 48. Kb4 Kg3 49. Rxa6 g4 50. Rc6 Kg2 51. Kxb5 g3 52.
c4 Kf2 53. Rg6 g2 54. Rxg2+ Kxg2 55. c5 Kf3 56. c6 Ke4 57. c7 Rc3 58. Kb6 Kd5
59. Kb7 Rc5 60. c8=Q Rxc8 61. Kxc8 1-0

[Event "SR 3. liga A2 2011/2012"]
[Site "?"]
[Date "2012.03.04"]
[Round "10.1"]
[White "Berczes, Csaba"]
[Black "Pribila, Gerhard"]
[Result "1-0"]
[WhiteElo "2397"]
[BlackElo "2036"]
[PlyCount "103"]
[EventDate "2011.??.??"]

1. Nf3 d5 2. g3 g6 3. c4 c6 4. Qa4 d4 5. d3 Nd7 6. b4 e5 7. Bb2 b5 8. cxb5 cxb5
9. Qb3 Bb7 10. Bg2 Qe7 11. a3 Nb6 12. O-O Bd5 13. Qd1 Bh6 14. e3 Na4 15. Bc1
Rc8 16. Re1 Nf6 17. Nxe5 Bxg2 18. Kxg2 O-O 19. f4 dxe3 20. Bxe3 Qb7+ 21. Kg1
Bg7 22. Nd2 Nc3 23. Qf3 Qxf3 24. Ndxf3 a6 25. Bc5 Rfe8 26. Ng5 Rc7 27. Bb6 Rb7
28. Bd4 Rc8 29. Kf1 h6 30. Ne4 Ncxe4 31. dxe4 Rbc7 32. Nf3 Rc2 33. e5 Ng4 34.
Re2 Rxe2 35. Kxe2 Nxh2 36. Nxh2 Rc2+ 37. Kf3 Rxh2 38. Bf2 h5 39. Rc1 g5 40.
Rc8+ Kh7 41. Rc7 Kg8 42. Bd4 g4+ 43. Ke4 h4 44. gxh4 Re2+ 45. Kd3 Ra2 46. f5
Rxa3+ 47. Ke4 Bh6 48. e6 fxe6 49. fxe6 Ra2 50. Rc8+ Kh7 51. Rh8+ Kg6 52. Rxh6+
1-0

[Event "SR 3. liga A2 2011/2012"]
[Site "?"]
[Date "2012.03.04"]
[Round "10.1"]
[White "Kocak, Branislav"]
[Black "Janko, Michal"]
[Result "0-1"]
[WhiteElo "1914"]
[BlackElo "2271"]
[PlyCount "70"]
[EventDate "2011.??.??"]

1. d4 g6 2. e4 Bg7 3. c4 d6 4. Nc3 Nc6 5. Be3 e5 6. d5 Nce7 7. f3 f5 8. Bd3 Nf6
9. Nge2 O-O 10. Qd2 c6 11. h4 cxd5 12. Nxd5 Nexd5 13. cxd5 fxe4 14. Bxe4 Nxe4
15. fxe4 Bg4 16. Rc1 Bf6 17. Bf2 Be7 18. Rc3 Rxf2 19. Kxf2 Bxh4+ 20. g3 Bg5 21.
Qc2 Qf6+ 22. Ke1 Rf8 23. Qd3 Qf2+ 24. Kd1 Qg2 25. Re1 Rf1 26. Qb5 Qf2 27. Rxf1
Qxf1+ 28. Kc2 Bxe2 29. Rc8+ Kg7 30. Qd7+ Kh6 31. Kb3 Bd1+ 32. Ka3 Qa6+ 33. Kb4
Bd2+ 34. Rc3 Qb6+ 35. Qb5 a5+ 0-1

[Event "SR 3. liga A2 2011/2012"]
[Site "?"]
[Date "2012.03.04"]
[Round "10.1"]
[White "Janko, Ladislav"]
[Black "Kastler, Peter"]
[Result "1-0"]
[WhiteElo "2229"]
[BlackElo "1720"]
[PlyCount "85"]
[EventDate "2011.??.??"]

1. e4 e6 2. d4 d5 3. exd5 exd5 4. Bd3 Nf6 5. Nc3 Be7 6. Bf4 c6 7. Nge2 Be6 8.
Qd2 Nbd7 9. h3 Nb6 10. O-O Nc4 11. Qc1 Nh5 12. Bh2 f5 13. Re1 Bd7 14. b3 Nb6
15. Nf4 Nxf4 16. Bxf4 O-O 17. Be5 Nc8 18. Na4 Nd6 19. c4 Ne4 20. f3 Nd6 21. Nc3
dxc4 22. bxc4 Nf7 23. Bg3 Bh4 24. Bxh4 Qxh4 25. Ne2 Rae8 26. Qf4 Qxf4 27. Nxf4
Nd6 28. Kf2 Kf7 29. a4 Rxe1 30. Rxe1 Re8 31. Rb1 Bc8 32. c5 g5 33. Ne2 Ne4+ 34.
fxe4 fxe4 35. Bc4+ Kf6 36. Ke3 Re7 37. Ng3 Kg6 38. Nxe4 Bf5 39. Bd3 h5 40. Re1
g4 41. hxg4 hxg4 42. Kd2 b6 43. Nd6 1-0

[Event "SR 3. liga A2 2011/2012"]
[Site "?"]
[Date "2012.03.04"]
[Round "10.1"]
[White "Valla, Tomas"]
[Black "Dvorsky, Jozef"]
[Result "0-1"]
[WhiteElo "1846"]
[BlackElo "2031"]
[PlyCount "64"]
[EventDate "2011.??.??"]

1. e4 c5 2. c3 d5 3. exd5 Qxd5 4. d4 Nc6 5. dxc5 Qxd1+ 6. Kxd1 Bg4+ 7. Be2
O-O-O+ 8. Bd2 Bf5 9. Nf3 e5 10. b4 e4 11. Nh4 Be6 12. Kc1 Be7 13. g3 Ne5 14.
Be3 f5 15. Ng2 Bf6 16. Nf4 Bf7 17. h4 Ne7 18. Rd1 Nd5 19. Nxd5 Bxd5 20. Bd4
Rhe8 21. Na3 g5 22. Nb5 gxh4 23. Nd6+ Rxd6 24. cxd6 h3 25. Rh1 Nd3+ 26. Bxd3
exd3 27. Rxh3 Bxd4 28. cxd4 Re1+ 29. Kd2 Rxa1 30. Rxh7 Be4 31. Rc7+ Kd8 32. Rg7
Rxa2+ 0-1

[Event "SR 3. liga A2 2011/2012"]
[Site "?"]
[Date "2012.03.04"]
[Round "10.1"]
[White "Puobis, Jozef"]
[Black "Brunovsky, Peter"]
[Result "0-1"]
[WhiteElo "1953"]
[BlackElo "1809"]
[PlyCount "94"]
[EventDate "2011.??.??"]

1. e4 c6 2. Nc3 d5 3. Nf3 dxe4 4. Nxe4 Nf6 5. Nxf6+ gxf6 6. d4 Bg4 7. Be2 e6 8.
c3 Bd6 9. Qb3 Qb6 10. Qxb6 axb6 11. Nd2 Bf5 12. Bf3 Nd7 13. Be4 Bg6 14. h4 h5
15. Nc4 Bc7 16. Bxg6 fxg6 17. O-O b5 18. Nd2 Kf7 19. Ne4 Nb6 20. Re1 Rhe8 21.
Re3 Nd5 22. Rf3 Kg7 23. Kf1 e5 24. dxe5 Rxe5 25. Ng3 Rae8 26. Bd2 R5e6 27. Re1
Rxe1+ 28. Bxe1 Ra8 29. a3 Ra4 30. Bd2 Rxh4 31. Ke2 Rg4 32. Kf1 Bxg3 33. fxg3
Re4 34. Kf2 g5 35. Rd3 Kg6 36. Bc1 f5 37. b3 h4 38. gxh4 Rxh4 39. a4 bxa4 40.
c4 Nb4 41. Rd6+ Kh5 42. g3 Rh2+ 43. Kg1 Rc2 44. Ba3 axb3 45. g4+ fxg4 46. Rd1
b2 47. Rb1 Nd3 0-1

[Event "SR 3. liga A2 2011/2012"]
[Site "?"]
[Date "2012.03.04"]
[Round "10.1"]
[White "Zajicek, Ferdinand"]
[Black "Kosar, Mikulas ml"]
[Result "0-1"]
[WhiteElo "1860"]
[BlackElo "1900"]
[PlyCount "120"]
[EventDate "2011.??.??"]

1. e4 d5 2. exd5 Nf6 3. Nf3 Nxd5 4. Bc4 Bg4 5. h3 Bh5 6. Nc3 e6 7. d4 Bb4 8.
Bxd5 Qxd5 9. Bd2 Bxc3 10. Bxc3 Nc6 11. Qd3 Bg6 12. Qe2 a5 13. a3 O-O 14. O-O
Rfe8 15. Ne5 Nxd4 16. Bxd4 Qxd4 17. c3 Qe4 18. Qxe4 Bxe4 19. f3 Bc2 20. Rac1
Bb3 21. c4 Rad8 22. Rc3 a4 23. Nd3 Rd4 24. Nc5 Bxc4 25. Rfc1 b5 26. Nxa4 Red8
27. Nc5 Rd1+ 28. Kh2 Rxc1 29. Rxc1 Rd2 30. b3 Bd5 31. Rc3 c6 32. Na6 Rb2 33.
Nb4 Kf8 34. Nxc6 Rxb3 35. Rxb3 Bxb3 36. Kg3 Ke8 37. Kf4 f6 38. Ke3 Kd7 39. Nd4
Bc4 40. f4 Kd6 41. g3 g6 42. Nf3 Kd5 43. Nd2 e5 44. fxe5 fxe5 45. Ne4 Bf1 46.
h4 h5 47. Nd2 Bh3 48. Ne4 Bf5 49. Nf6+ Kc4 50. Ne8 Kb3 51. Nd6 Ka4 52. Kd2 Bd7
53. Nf7 e4 54. Ne5 Bf5 55. Ke3 Kxa3 56. Kf4 Kb3 57. g4 Bxg4 58. Nxg6 Bf3 59.
Ke3 Kc3 60. Nf4 Kc4 0-1

[Event "SR 3. liga A2 2011/2012"]
[Site "?"]
[Date "2012.03.04"]
[Round "10.1"]
[White "Kosar, Attila"]
[Black "Papanek, Lubomir"]
[Result "1-0"]
[WhiteElo "1893"]
[BlackElo "1630"]
[PlyCount "57"]
[EventDate "2011.??.??"]

1. e4 e5 2. Nf3 Nc6 3. d4 exd4 4. Nxd4 Bc5 5. Nf3 Nf6 6. Nc3 Ng4 7. Be3 Bxe3 8.
fxe3 Nxe3 9. Qd2 Nxf1 10. Rxf1 d6 11. O-O-O O-O 12. Qf4 Be6 13. Nd5 Ne7 14. Ne3
Ng6 15. Qg3 Qe7 16. h4 f6 17. h5 Ne5 18. Nh4 Kh8 19. Ng6+ Nxg6 20. hxg6 h6 21.
Nf5 Bxf5 22. exf5 Qe5 23. Qf3 Qb5 24. Rh1 Qc6 25. Qf4 Qxg2 26. Rxh6+ Kg8 27.
Rh7 Rfe8 28. Rdh1 Kf8 29. Qc4 1-0

[Event "SR 3. liga A2 2011/2012"]
[Site "?"]
[Date "2012.03.04"]
[Round "10.1"]
[White "Kanka, Tomas"]
[Black "Kosar, Mikulas st"]
[Result "1-0"]
[WhiteElo "1379"]
[BlackElo "1766"]
[PlyCount "28"]
[EventDate "2011.??.??"]

1. Nf3 Nc6 2. e4 e5 3. Bc4 Be7 4. d4 exd4 5. Nxd4 Ne5 6. Bb3 d6 7. O-O Bg4 8.
f3 Bh5 9. g4 Nxg4 10. fxg4 Bg6 11. Qf3 f6 12. Ne6 Qd7 13. Nxg7+ Kd8 14. Nc3 Nh6
1-0